| 000 | 00788nam a2200229Ii 4500 | ||
|---|---|---|---|
| 003 | JO-AjNU | ||
| 008 | 230605s9999||||xx |||||||||||||| ||und|| | ||
| 017 | _a2003/19832 | ||
| 020 | _a977-01-8933-2 | ||
| 040 |
_aJO-AjNU _bara _erda _cJO-AjNU |
||
| 041 | _aara | ||
| 050 | 1 | 4 | _aBP80.2004 |
| 100 | 3 |
_aالنجار، عامر, _eauthor _912804 |
|
| 245 | 0 | 0 | _aمن شوامخ الفكر الإسلامي:أبو حامد الغزالي، ج2 |
| 264 | 3 | 1 | _aالقاهرة:الهيئة المصرية العامة للكتاب ،2003 |
| 300 | _aج2، 158ص | ||
| 336 |
_atext _btxt _2rdacontent |
||
| 337 |
_aunmediated _bn _2rdamedia |
||
| 338 |
_avolume _bnc _2rdacarrier |
||
| 490 | 0 | _aشوامخ الفكر الاسلامي 2 | |
| 650 | 4 |
_aشوامخ الفكر الاسلامي _912805 |
|
| 999 |
_aA3021 _c6589 _d6589 |
||